| 000 | 01215nam a22003377i 4500 | ||
|---|---|---|---|
| 003 | DO-SdBNP | ||
| 005 | 20240503073632.0 | ||
| 007 | ta | ||
| 008 | 230328b1978 sp ||||| |||| 00| 0 spa d | ||
| 020 | _a8402035272 (v. 2) | ||
| 020 | _a8402007716 (o. c.) | ||
| 040 |
_aDO-SdBNP _bspa _cBNPHU _erda |
||
| 082 | 4 |
_a863.3 _bC419don 1978 _222 |
|
| 100 | 1 |
_aCervantes Saavedra, Miguel de, _d1547-1616 _93070 |
|
| 245 | 1 | 0 |
_aDon Quijote de la Mancha / _cMiguel de Cervantes Saavedra ; estudio preliminar Juan Alcina Franch ; notas Caridad Oriol y Teresa Suero |
| 250 | _a3a. ed. | ||
| 264 |
_aMadrid : _bBruguera S.A., _c1978. |
||
| 300 |
_a669 páginas ; _c18 cm. |
||
| 336 |
_2rdacontent _atexto _btxt |
||
| 337 |
_2rdamedia _asin mediación _bn |
||
| 338 |
_2rdacarrier _avolumen _bnc |
||
| 500 | _aIncluye referencias bibliográficas y notas al pie de las páginas | ||
| 590 | _aInventariado, 2023/BT | ||
| 650 | 4 |
_aNovela española _91123 |
|
| 650 | 4 |
_aLiteratura española _9632 |
|
| 700 | 1 |
_aAlcina Franch, Juan, _eestudio preliminar _939742 |
|
| 700 | 1 |
_aOriol, Caridad, _enotas _983217 |
|
| 700 | 1 |
_aSuero, Teresa, _enotas _983218 |
|
| 910 | _aBtavárez/Validado. Control de calidad MFF | ||
| 942 |
_2ddc _cLBS1 |
||
| 999 |
_c53186 _d53186 |
||